000 00200 a2200097 4500
020 _a9781580894449
041 _aspa
100 _aAnna McQuinn
245 _aA Lola le encantan los cuentos
942 _cBK
999 _c14425
_d14425